TF2 Engineer Weapons - Statistics

General Stats
  • This quiz has been taken 35 times
  • The average score is 11 of 17
Answer Stats
Hint Answer % Correct
Melee Jag
92%
Melee Wrench
92%
Primary Frontier Justice
88%
Secondary Pistol
88%
Melee Eureka Effect
80%
Melee Gunslinger
80%
Secondary Wrangler
76%
Primary Panic Attack
72%
Primary Rescue Ranger
72%
Primary Widowmaker
68%
Secondary Short Circuit
60%
Secondary Capper
56%
Primary Pomson 6000
56%
Melee Golden Wrench
52%
Primary Stock
40%
Melee Saxxy
28%
Melee Golden Frying Pan
16%
No matching quizzes found
Score Distribution
Percent of People with Each Score
Percentile by Number Answered
Your Score History
You have not taken this quiz